FC 26 Primetime - Statistics

General Stats
  • This quiz has been taken 13 times
    7 since last reset
  • The average score is 20 of 57
Answer Stats
rat pos club player % Correct
UCL Primetime 87 CDM Bayern Munich Aleksandar Pavlović
100%
UCL Primetime 87 LW Newcastle Anthony Gordon
100%
UCL Primetime 87 LM Liverpool Cody Gakpo
100%
UCL Primetime 87 CB Real Madrid Éder Militão
100%
UCL Primetime 92 ST Manchester City Erling Haaland
100%
UCL Primetime 89 RM FC Barcelona Lamine Yamal
100%
UCL Primetime 87 ST Napoli Rasmus Højlund
100%
UCL Primetime 88 CB Arsenal William Saliba
100%
UCL Primetime 86 CAM Tottenham Hotspur Xavi Simons
100%
UCL Primetime 87 LW Paris Saint-Germain Bradley Barcola
75%
UWCL Primetime 90 RW Barça Femení Caroline Graham Hansen
75%
UCL Primetime 86 LB Juventus Andrea Cambiasso
50%
UCL Primetime 86 ST Inter Milan Ange-Yoan Bonny
50%
UCL Primetime 86 RM Chelsea Estêvão
50%
UCL Primetime 86 CDM Borussia Dortmund Felix Nmecha
50%
UEL Primetime 87 LB Aston Villa Ian Maatsen
50%
UEL Primetime 86 CM AS Roma Manu Koné
50%
UWCL Primetime 88 CB Man United Women Maya Le Tissier
50%
UECL Primetime 85 ST Lech Poznań Mikael Ishak
50%
UWCL Primetime 86 ST Madrid Femenino Alba Redondo
25%
UEL Primetime 85 LB Fenerbahçe Archie Brown
25%
UECL Primetime 86 ST Mainz 05 Benedict Hollerbach
25%
UEL Primetime 86 CDM Celtic Callum McGregor
25%
UEL Primetime 85 ST Real Betis Cédric Bakambu
25%
UECL Primetime 86 CM Fiorentina Cher Ndour
25%
UCL Primetime Hero 88 CDM Serie A Daniele De Rossi
25%
UCL Primetime Hero 89 LM Premier League Eden Hazard
25%
UCL Primetime 86 ST Atlético Madrid Giuliano Simeone
25%
UEL Primetime 84 ST Lille OSC Hamza Igamane
25%
UEL Primetime 86 ST Nottingham Forest Igor Jesus
25%
UCL Primetime 84 CM Ajax Kenneth Taylor
25%
UWCL Primetime Hero 88 CB Première Ligue Laura Georges
25%
UECL Primetime 84 CAM Aberdeen Leighton Clarkson
25%
UCL Primetime Hero 87 RM Ligue 1 Ludovic Giuly
25%
UCL Primetime 84 RB Qarabağ Matheus Silva
25%
UEL Primetime 84 RB Rangers Max Aarons
25%
UCL Primetime 87 CM Benfica Richard Ríos
25%
UEL Primetime 85 CAM FC Porto Rodrigo Mora
25%
UEL Primetime 84 RB Lyon Ruben Kluivert
25%
UECL Primetime 85 CM Rayo Vallecano Unai López
25%
UECL Primetime 85 RM Crystal Palace Yeremy Pino
25%
UCL Primetime 85 LW Sporting CP Alisson
0%
UEL Primetime 86 LW Panathinaikos Anass Zaroury
0%
UEL Primetime 85 RW Feyenoord Anis Hadj-Moussa
0%
UCL Primetime 85 CB Galatasaray Davinson Sánchez
0%
UCL Primetime 86 RM PSV Eindhoven Dennis Man
0%
UEL Primetime 84 CM Young Boys Jaouen Hadjam
0%
UCL Primetime 84 ST Union Saint-Gilloise Kevin Rodríguez
0%
UECL Primetime 87 LW Sparta Praha Lukáš Haraslín
0%
UEL Primetime 84 CB Midtjylland Mads Bech Sørensen
0%
UWCL Primetime 86 CAM Chelsea Women Maika Hamano
0%
UEL Primetime 85 RW FC Utrecht Miguel Rodríguez
0%
UCL Primetime Hero 88 RB La Liga Roberto Soldado
0%
UEL Primetime 85 CM Braga Rodrigo Zalazar
0%
UWCL Primetime Hero 89 CM Frauen-Bundesliga Simone Laudehr
0%
UWCL Primetime 86 LB PSG Féminine Tara Elimbi Gilbert
0%
UEL Primetime 84 ST Go Ahead Eagles Victor Edvardsen
0%
No matching quizzes found
Score Distribution
Percent of People with Each Score
Percentile by Number Answered
Your Score History
You have not taken this quiz since the last reset